| 000 | 00480nam a2200181Ia 4500 | ||
|---|---|---|---|
| 003 | LK-CoDNM | ||
| 005 | 20240122132342.0 | ||
| 008 | 010623t1938 xxu||||| |||| 00| 1 sin d | ||
| 040 |
_aLK-CoDNM _dLK-CoDNM _eLK-CoDNM |
||
| 041 | _asin | ||
| 080 |
_a104 _b K 19 |
||
| 100 | _aGodamunde,T.B.A | ||
| 245 | _aබෞද්ධ ශිෂ්ය අවබෝධය | ||
| 246 | _aBauddha Shishya Awabodaya. | ||
| 260 |
_bSitumina _aKandy _c1938 |
||
| 300 | _b30p, 19 cm | ||
| 942 | _cBK | ||
| 999 |
_c99008 _d99008 |
||